| 000 | 00402nam a2200109Ia 4500 | ||
|---|---|---|---|
| 008 | 170221s9999 xx 000 0 und d | ||
| 100 | _aSharon H. Forrest | ||
| 245 | 4 | _aThe Autopoietic Church: Inter-textual Analysis of “The Acts of the Apostles” | |
| 245 | _cSharon H. Forrest | ||
| 650 | _xBusiness | ||
| 856 | _uhttp://www.regent.edu/acad/global/publications/elj/vol6iss1/5elj_vol6iss1_forrest.pdf | ||
| 999 |
_c307865 _d307865 |
||